00286nam a22000977a 4500008004100000020001500041082002000056245008700076260001700163300000800180230627b xxu||||| |||| 00| 0 eng d a9982260170 a338.9bKAR 2003 aImplications of the COMESA Free Trade Area and Proposed Customs Union:Policy Brief bCOMESAc2003 a55p